000
00251nam a2200097Ia 4500
008
171211s9999 xx 000 0 und d
245
4
_a
The Sinking of the Bismarck: The Deadly Hunt
245
_c
William L. Shirer
260
_c
2014
650
_x
Military
999
_c
348319
_d
348319